<?xml version="1.0" encoding="UTF-8"?>
<record
    xmlns:xsi="http://www.w3.org/2001/XMLSchema-instance"
    xsi:schemaLocation="http://www.loc.gov/MARC21/slim http://www.loc.gov/standards/marcxml/schema/MARC21slim.xsd"
    xmlns="http://www.loc.gov/MARC21/slim">

  <leader>03894cpc a22006734a 4500</leader>
  <controlfield tag="003">PE-LiUPU</controlfield>
  <controlfield tag="005">20250731183444.0</controlfield>
  <controlfield tag="008">150514s2011    nyua    r     00  0 eng d</controlfield>
  <datafield tag="020" ind1=" " ind2=" ">
    <subfield code="a">9781568988719</subfield>
  </datafield>
  <datafield tag="035" ind1=" " ind2=" ">
    <subfield code="a">(Sirsi) i9781568988719</subfield>
  </datafield>
  <datafield tag="035" ind1=" " ind2=" ">
    <subfield code="a">(Sirsi) i9781568988719</subfield>
  </datafield>
  <datafield tag="040" ind1=" " ind2=" ">
    <subfield code="a">PE-LiUPU</subfield>
    <subfield code="b">spa</subfield>
    <subfield code="c">PE-LiUPU</subfield>
    <subfield code="e">rda</subfield>
  </datafield>
  <datafield tag="049" ind1=" " ind2=" ">
    <subfield code="a">PRUA</subfield>
  </datafield>
  <datafield tag="082" ind1="0" ind2="4">
    <subfield code="a">700.92</subfield>
    <subfield code="b">A33</subfield>
    <subfield code="2">22</subfield>
  </datafield>
  <datafield tag="100" ind1="1" ind2=" ">
    <subfield code="a">Aitken, Doug,</subfield>
    <subfield code="d">1968- ,</subfield>
    <subfield code="e">autor.</subfield>
  </datafield>
  <datafield tag="245" ind1="1" ind2="0">
    <subfield code="a">[Sleepwalkers box] /</subfield>
    <subfield code="c">Doug Aitken.</subfield>
  </datafield>
  <datafield tag="246" ind1="1" ind2=" ">
    <subfield code="i">T&#xED;tulo de la portada del libro :</subfield>
    <subfield code="a">Sleepwalkers : fragments, markings and images from the making of Sleepwalkers.</subfield>
  </datafield>
  <datafield tag="246" ind1="1" ind2=" ">
    <subfield code="i">T&#xED;tulo en la parte superior de la caja :</subfield>
    <subfield code="a">Sleepwalkers.</subfield>
  </datafield>
  <datafield tag="246" ind1="1" ind2=" ">
    <subfield code="i">T&#xED;tulo en el lado de la caja :</subfield>
    <subfield code="a">Sleep walkers.</subfield>
  </datafield>
  <datafield tag="250" ind1=" " ind2=" ">
    <subfield code="a">First edition.</subfield>
  </datafield>
  <datafield tag="264" ind1=" " ind2="1">
    <subfield code="a">New York :</subfield>
    <subfield code="b">Princeton Architectural Press,</subfield>
    <subfield code="c">2011.</subfield>
  </datafield>
  <datafield tag="300" ind1=" " ind2=" ">
    <subfield code="a">1 caja ;</subfield>
    <subfield code="c">32 cm</subfield>
  </datafield>
  <datafield tag="300" ind1=" " ind2=" ">
    <subfield code="a">1 volumen (91 p&#xE1;ginas) :</subfield>
    <subfield code="b">ilustraciones ;</subfield>
    <subfield code="c">30 cm</subfield>
  </datafield>
  <datafield tag="300" ind1=" " ind2=" ">
    <subfield code="a">1 disco de vinilo ;</subfield>
    <subfield code="c">30 cm</subfield>
  </datafield>
  <datafield tag="300" ind1=" " ind2=" ">
    <subfield code="a">1 CD de grabaci&#xF3;n sonora ;</subfield>
    <subfield code="c">12 cm</subfield>
  </datafield>
  <datafield tag="300" ind1=" " ind2=" ">
    <subfield code="a">1 DVD de grabaci&#xF3;n de v&#xED;deo ;</subfield>
    <subfield code="c">12 cm</subfield>
  </datafield>
  <datafield tag="300" ind1=" " ind2=" ">
    <subfield code="a">1 poster ;</subfield>
    <subfield code="c">91 cm</subfield>
  </datafield>
  <datafield tag="300" ind1=" " ind2=" ">
    <subfield code="a">2 libros animados (sin paginaci&#xF3;n) ;</subfield>
    <subfield code="c">11 cm</subfield>
  </datafield>
  <datafield tag="336" ind1=" " ind2=" ">
    <subfield code="a">text</subfield>
    <subfield code="2">rdacontent</subfield>
  </datafield>
  <datafield tag="337" ind1=" " ind2=" ">
    <subfield code="a">unmediated</subfield>
    <subfield code="2">rdamedia</subfield>
  </datafield>
  <datafield tag="338" ind1=" " ind2=" ">
    <subfield code="a">volume</subfield>
    <subfield code="2">rdacarrier</subfield>
  </datafield>
  <datafield tag="500" ind1=" " ind2=" ">
    <subfield code="a">El material consta de 8 piezas.</subfield>
  </datafield>
  <datafield tag="508" ind1=" " ind2=" ">
    <subfield code="a">M&#xFA;sica supervisada por Jonathan Galkin.</subfield>
  </datafield>
  <datafield tag="520" ind1=" " ind2=" ">
    <subfield code="a">The box contains a double-sided poster of vivid Sleepwalkers imagery, a 12 inch vinyl picture disc containing unreleased tracks by Broadcast and a live recording of Doug Aitken's original opera The Handle Comes Up, the Hammer Comes Down, a 96 page visual diary of the making of the film including sketches, production photos, film stills, script fragments, and inspirational found images, two flipbooks with four motion sequences excerpted from the film and its projection on the museum's facade, a gatefold case containing an audio CD soundtrack that features the tracks on the picture disc plus tracks by Bibio, Ranphorynchus, Steve Roden, Tim Hecker, and Canyon Country, a DVD including an edit of Sleepwalkers cut specifically for this box set and a street level walkthrough as installed at the MoMA in NYC.</subfield>
  </datafield>
  <datafield tag="526" ind1=" " ind2=" ">
    <subfield code="a">P158</subfield>
  </datafield>
  <datafield tag="526" ind1=" " ind2=" ">
    <subfield code="a">P146</subfield>
  </datafield>
  <datafield tag="526" ind1=" " ind2=" ">
    <subfield code="a">P17</subfield>
  </datafield>
  <datafield tag="526" ind1=" " ind2=" ">
    <subfield code="a">P12</subfield>
  </datafield>
  <datafield tag="526" ind1=" " ind2=" ">
    <subfield code="a">P06</subfield>
  </datafield>
  <datafield tag="600" ind1="1" ind2="0">
    <subfield code="a">Aitken, Doug,</subfield>
    <subfield code="d">1968-</subfield>
  </datafield>
  <datafield tag="650" ind1=" " ind2="0">
    <subfield code="a">Instalaciones (Arte)</subfield>
    <subfield code="z">New York (Estado)</subfield>
    <subfield code="z">New York.</subfield>
  </datafield>
  <datafield tag="700" ind1="1" ind2=" ">
    <subfield code="a">Galkin, Jonathan.</subfield>
  </datafield>
  <datafield tag="700" ind1="1" ind2="2">
    <subfield code="a">Aitken, Doug,</subfield>
    <subfield code="d">1968- </subfield>
    <subfield code="t">Handle comes up, the hammer comes down.</subfield>
  </datafield>
  <datafield tag="710" ind1="2" ind2=" ">
    <subfield code="a">Museum of Modern Art (New York, N.Y.)</subfield>
  </datafield>
  <datafield tag="710" ind1="2" ind2=" ">
    <subfield code="a">Broadcast (Musical group)</subfield>
  </datafield>
  <datafield tag="856" ind1="4" ind2="2">
    <subfield code="a">http://www.sleepwalkersbox.com/#</subfield>
    <subfield code="z">Additional description available from publisher's website</subfield>
  </datafield>
  <datafield tag="856" ind1="4" ind2="2">
    <subfield code="a">http://www.sleepwalkersbox.com/#</subfield>
    <subfield code="z">Additional description available from publisher's website</subfield>
  </datafield>
  <datafield tag="856" ind1="4" ind2="2">
    <subfield code="a">http://www.sleepwalkersbox.com/#</subfield>
    <subfield code="z">Additional description available from publisher's website</subfield>
  </datafield>
  <datafield tag="856" ind1="4" ind2="2">
    <subfield code="a">http://www.sleepwalkersbox.com/#</subfield>
    <subfield code="z">Additional description available from publisher's website</subfield>
  </datafield>
  <datafield tag="856" ind1="4" ind2="2">
    <subfield code="a">http://www.sleepwalkersbox.com/#</subfield>
    <subfield code="z">Additional description available from publisher's website</subfield>
  </datafield>
  <datafield tag="856" ind1="4" ind2="2">
    <subfield code="a">http://www.sleepwalkersbox.com/#</subfield>
    <subfield code="z">Additional description available from publisher's website</subfield>
  </datafield>
  <datafield tag="856" ind1="4" ind2="2">
    <subfield code="a">http://www.sleepwalkersbox.com/#</subfield>
    <subfield code="z">Additional description available from publisher's website</subfield>
  </datafield>
  <datafield tag="856" ind1="4" ind2="2">
    <subfield code="a">http://www.sleepwalkersbox.com/#</subfield>
    <subfield code="z">Additional description available from publisher's website</subfield>
  </datafield>
  <datafield tag="910" ind1=" " ind2=" ">
    <subfield code="a">cce</subfield>
  </datafield>
  <datafield tag="942" ind1=" " ind2=" ">
    <subfield code="2">ddc</subfield>
    <subfield code="c">BK</subfield>
  </datafield>
  <datafield tag="949" ind1=" " ind2=" ">
    <subfield code="a">700.92 A33</subfield>
    <subfield code="w">DEWEY</subfield>
    <subfield code="c">1</subfield>
    <subfield code="i">71056</subfield>
    <subfield code="d">2015-6-23</subfield>
    <subfield code="e">2015-6-23</subfield>
    <subfield code="j">8</subfield>
    <subfield code="l">RC</subfield>
    <subfield code="m">BUL</subfield>
    <subfield code="p">348.40</subfield>
    <subfield code="r">1</subfield>
    <subfield code="s">Y</subfield>
    <subfield code="t">MODULOS</subfield>
    <subfield code="u">2015-5-14</subfield>
    <subfield code="x">INGENIERIA</subfield>
    <subfield code="0">COMPRA</subfield>
    <subfield code="o">.CIRCNOTE. No olvidar cambiar la fecha de devoluci&#xF3;n!!!!!!!</subfield>
    <subfield code="o">.STAFF. Colecci&#xF3;n General</subfield>
  </datafield>
  <datafield tag="980" ind1=" " ind2=" ">
    <subfield code="8">1</subfield>
    <subfield code="g">ALBERTO SANCHEZ Responsable de Automatizaci&#xF3;n</subfield>
  </datafield>
  <datafield tag="999" ind1=" " ind2=" ">
    <subfield code="c">57086</subfield>
    <subfield code="d">57086</subfield>
  </datafield>
  <datafield tag="952" ind1=" " ind2=" ">
    <subfield code="r">2025-12-02 00:00:00</subfield>
    <subfield code="i">3</subfield>
    <subfield code="l">0</subfield>
    <subfield code="o">700.92 A33</subfield>
    <subfield code="p">71056</subfield>
    <subfield code="s">2015-06-23</subfield>
    <subfield code="t">e1</subfield>
    <subfield code="v">353.40</subfield>
    <subfield code="w">2015-05-14</subfield>
    <subfield code="x">FIA</subfield>
    <subfield code="y">BK</subfield>
    <subfield code="z">inventario-2023-12-13</subfield>
    <subfield code="1">0</subfield>
    <subfield code="2">ddc</subfield>
    <subfield code="5">0</subfield>
    <subfield code="7">0</subfield>
    <subfield code="8">GEN</subfield>
    <subfield code="f">P06</subfield>
    <subfield code="a">BUL</subfield>
    <subfield code="b">BUL</subfield>
    <subfield code="c">LGRA</subfield>
    <subfield code="d">2015-05-14</subfield>
    <subfield code="e">COMPRA</subfield>
    <subfield code="g">348.40</subfield>
  </datafield>
</record>
